| 000 | 01536cam a22003855i 4500 | ||
|---|---|---|---|
| 001 | 17829682 | ||
| 003 | EG-ScBUE | ||
| 005 | 20250629093446.0 | ||
| 008 | 130729t2014 nyua f 001 0 eng d | ||
| 020 | _a0071831479 | ||
| 020 | _a9780071831475 | ||
| 040 |
_aEG-ScBUE _beng _erda _cEG-ScBUE _dEG-ScBUE |
||
| 082 | 0 | 4 |
_a537.076 _bEDM _222 |
| 100 | 1 |
_aEdminister, Joseph, _938618 _eauthor. |
|
| 245 | 1 | 0 |
_aSchaum's outlines electromagnetics / _cJoseph A. Edminister, professor emeritus of electrical engineering, The University of Akron, Mahmood Nahvi, Ph.D., professor emeritus of electrical engineering, California Polytechnic State University. |
| 246 | 3 | 0 | _aElectromagnetics |
| 250 | _aFourth edition. | ||
| 264 | 1 |
_aNew York : _bMcgraw-Hill Education, _c[2014] |
|
| 264 | 4 | _cc2014 | |
| 300 |
_avi, 354 pages : _billustrations ; _c28 cm. |
||
| 336 |
_2rdacontent _atext _btxt |
||
| 337 |
_aunmediated _2rdamedia _bn |
||
| 338 |
_avolume _bnc _2rdacarrier |
||
| 490 | 0 | _aSchaum’s outline series | |
| 500 | _aIncludes index. | ||
| 500 | _aIncludes appendix. | ||
| 500 | _aUse with these courses : Electromagnetics - Wave Propagation - Transmission lines. | ||
| 650 | 7 |
_aElectromagnetism _vProblems, exercises, etc. _2BUEsh _932813 |
|
| 653 |
_bENGGEN _cJune2015 _cOctober2015 |
||
| 653 |
_bENGELC _cSeptember2016 |
||
| 655 |
_vReading book _934232 |
||
| 700 | 1 |
_aNahvi, Mahmood, _eauthor. |
|
| 856 | 4 | 1 |
_fView Schaum’s problem-solving videos-free _uhttp://www.mhprofessionalresources.com//mediacenter |
| 942 |
_2ddc _cBB |
||
| 999 |
_c19837 _d19809 |
||